<?xml version="1.0" encoding="UTF-8"?><?xml-stylesheet type="text/xsl" href="static/style.xsl"?><OAI-PMH xmlns="http://www.openarchives.org/OAI/2.0/" xmlns:xsi="http://www.w3.org/2001/XMLSchema-instance" xsi:schemaLocation="http://www.openarchives.org/OAI/2.0/ http://www.openarchives.org/OAI/2.0/OAI-PMH.xsd"><responseDate>2026-04-13T00:10:07Z</responseDate><request verb="GetRecord" identifier="oai:www.recercat.cat:2445/119832" metadataPrefix="marc">https://recercat.cat/oai/request</request><GetRecord><record><header><identifier>oai:recercat.cat:2445/119832</identifier><datestamp>2025-12-05T05:50:24Z</datestamp><setSpec>com_2072_1057</setSpec><setSpec>col_2072_478808</setSpec><setSpec>col_2072_478917</setSpec></header><metadata><record xmlns="http://www.loc.gov/MARC21/slim" xmlns:dcterms="http://purl.org/dc/terms/" xmlns:xsi="http://www.w3.org/2001/XMLSchema-instance" xmlns:doc="http://www.lyncode.com/xoai" xsi:schemaLocation="http://www.loc.gov/MARC21/slim http://www.loc.gov/standards/marcxml/schema/MARC21slim.xsd">
   <leader>00925njm 22002777a 4500</leader>
   <datafield ind2=" " ind1=" " tag="042">
      <subfield code="a">dc</subfield>
   </datafield>
   <datafield ind2=" " ind1=" " tag="720">
      <subfield code="a">López-Bazo, Enrique</subfield>
      <subfield code="e">author</subfield>
   </datafield>
   <datafield ind2=" " ind1=" " tag="720">
      <subfield code="a">Moreno Serrano, Rosina</subfield>
      <subfield code="e">author</subfield>
   </datafield>
   <datafield ind2=" " ind1=" " tag="720">
      <subfield code="a">Royuela Mora, Vicente</subfield>
      <subfield code="e">author</subfield>
   </datafield>
   <datafield ind2=" " ind1=" " tag="720">
      <subfield code="a">Suriñach Caralt, Jordi</subfield>
      <subfield code="e">author</subfield>
   </datafield>
   <datafield ind2=" " ind1=" " tag="260">
      <subfield code="c">2018-02-14T13:42:57Z</subfield>
   </datafield>
   <datafield ind2=" " ind1=" " tag="260">
      <subfield code="c">2018-02-14T13:42:57Z</subfield>
   </datafield>
   <datafield ind2=" " ind1=" " tag="260">
      <subfield code="c">2017-09</subfield>
   </datafield>
   <datafield ind2=" " ind1=" " tag="260">
      <subfield code="c">2018-02-14T13:42:58Z</subfield>
   </datafield>
   <datafield ind2=" " ind1=" " tag="520">
      <subfield code="a">Funding information: European Commission, Grant/Award Number: H2020-REFLECTIVE-SOCIETY-2015. Grant Agreement num; EC, Grant/Award Number: 693529</subfield>
   </datafield>
   <datafield ind2=" " ind1=" " tag="520">
      <subfield code="a">[eng] This work summarises the main findings of the review of the implementation of the Cohesion Policy in Extremadura (Spain) during the Operational Program 2007-2013, which closed early 2017. The PERCEIVE project, developed within the H2020 framework, gives the opportunity to analyse the characteristics of the region, its main strengths and weaknesses together with the opportunities and threats, and how the Cohesion Policy addresses these challenges. We perform a general overview of the Operational Program 2007-2013 in Extremadura, analysing the final expenditure by priority themes, the absorption rate, the time-line of the implementation and execution, and a comparison with the current 2014-2020 programming period. We also analyse the governance of Cohesion Policy in Extremadura and the institutional setting. We finish this report by summarising the main conclusions and the expected outcomes of the research project in its next stages.</subfield>
   </datafield>
   <datafield ind2=" " ind1=" " tag="520">
      <subfield code="a">[spa] Este  trabajo  resume  las  principales  conclusiones  de  la  revisión  de  &#xd;
la Política de Cohesión en Extremadura (España) durante el Programa Operativo &#xd;
2007-2013, que cerró a principios de 2017. El proyecto PERCEIVE, desarrollado &#xd;
dentro del marco H2020, brinda la oportunidad de analizar las características de la &#xd;
región, sus principales fortalezas y debilidades, junto con las oportunidades y ame&#xd;
-&#xd;
nazas,  y  cómo  la  política  de  cohesión  aborda  estos  desafíos.  Desarrollamos  una  &#xd;
visión general del Programa Operativo en el periodo 2007-2013 en Extremadura, &#xd;
analizando el gasto final por temas prioritarios, la tasa de absorción, el cronograma &#xd;
de implementación y ejecución y una comparación con el actual periodo de progra&#xd;
-&#xd;
mación 2014-2020. Asimismo, analizamos la gobernanza de la Política de Cohesión en Extremadura y el entorno institucional en la que se desarrolla. Terminamos &#xd;
este  informe  resumiendo  las  principales  conclusiones  y  los  resultados  esperados  &#xd;
del proyecto de investigación en sus siguientes etapas</subfield>
   </datafield>
   <datafield tag="653" ind2=" " ind1=" ">
      <subfield code="a">Fons estructurals</subfield>
   </datafield>
   <datafield tag="653" ind2=" " ind1=" ">
      <subfield code="a">Ciència regional</subfield>
   </datafield>
   <datafield tag="653" ind2=" " ind1=" ">
      <subfield code="a">Extremadura</subfield>
   </datafield>
   <datafield tag="653" ind2=" " ind1=" ">
      <subfield code="a">Structural Funds (European Commission)</subfield>
   </datafield>
   <datafield tag="653" ind2=" " ind1=" ">
      <subfield code="a">Regional science</subfield>
   </datafield>
   <datafield tag="653" ind2=" " ind1=" ">
      <subfield code="a">Extremadura</subfield>
   </datafield>
   <datafield ind2="0" ind1="0" tag="245">
      <subfield code="a">Evaluation of the cohesion policy operational program 2007-2013. The case of Extremadura</subfield>
   </datafield>
</record></metadata></record></GetRecord></OAI-PMH>